Code Cracker! XVI Quiz Stats

 Plays Quiz Updated Jun 12, 2018

Also try: Code Cracker! XV
Challenge
Share
Tweet
Score 0/162 Timer 04:00
5 Plays Today
% Correct
✔​
100%
J​
100%
J​
100%
✔​
100%
X​
100%
X​
100%
✔​
95.7%
E​
95.7%
E​
95.7%
E​
95.7%
E​
95.7%
E​
95.7%
E​
95.7%
E​
95.7%
E​
95.7%
E​
95.7%
E​
95.7%
E​
95.7%
E​
95.7%
E​
95.7%
E​
95.7%
E​
95.7%
E​
95.7%
E​
95.7%
E​
95.7%
E​
95.7%
✔​
95.5%
A​
95.5%
A​
95.5%
A​
95.5%
A​
95.5%
A​
95.5%
A​
95.5%
A​
95.5%
A​
95.5%
A​
95.5%
A​
95.5%
A​
95.5%
A​
95.5%
✔​
93.7%
T​
93.7%
T​
93.7%
T​
93.7%
T​
93.7%
T​
93.7%
✔​
92.8%
I​
92.8%
I​
92.8%
I​
92.8%
I​
92.8%
I​
92.8%
I​
92.8%
I​
92.8%
I​
92.8%
% Correct
I​
92.8%
I​
92.8%
I​
92.8%
I​
92.8%
✔​
91.9%
C​
91.9%
C​
91.9%
C​
91.9%
C​
91.9%
✔​
89.8%
N​
89.8%
N​
89.8%
N​
89.8%
N​
89.8%
N​
89.8%
N​
89.8%
N​
89.8%
N​
89.8%
✔​
89.6%
R​
89.6%
R​
89.6%
R​
89.6%
R​
89.6%
R​
89.6%
R​
89.6%
R​
89.6%
R​
89.6%
R​
89.6%
R​
89.6%
✔​
89.1%
S​
89.1%
S​
89.1%
S​
89.1%
S​
89.1%
S​
89.1%
✔​
86.8%
U​
86.8%
U​
86.8%
U​
86.8%
U​
86.8%
U​
86.8%
U​
86.8%
U​
86.8%
✔​
86%
Y​
86%
Y​
86%
Y​
86%
✔​
85.6%
D​
85.6%
D​
85.6%
D​
85.6%
D​
85.6%
D​
85.6%
D​
85.6%
% Correct
D​
85.6%
✔​
84.7%
L​
84.7%
L​
84.7%
L​
84.7%
L​
84.7%
L​
84.7%
✔​
84.3%
O​
84.3%
O​
84.3%
O​
84.3%
O​
84.3%
O​
84.3%
O​
84.3%
O​
84.3%
O​
84.3%
✔​
83.8%
M​
83.8%
M​
83.8%
M​
83.8%
✔​
83%
V​
83%
V​
83%
✔​
82%
P​
82%
P​
82%
P​
82%
P​
82%
P​
82%
P​
82%
✔​
81.1%
H​
81.1%
H​
81.1%
H​
81.1%
✔​
80.8%
K​
80.8%
K​
80.8%
K​
80.8%
✔​
75.9%
G​
75.9%
G​
75.9%
✔​
74%
Z​
74%
Z​
74%
✔​
73.6%
W​
73.6%
W​
73.6%
W​
73.6%
✔​
73.6%
B​
73.6%
✔​
71.3%
F​
71.3%
✔​
65.1%
Q​
65.1%

You're not logged in!

Compare scores with friends on all Sporcle quizzes.
OR
Log In

You Might Also Like...

Show Comments

Extras

Top Quizzes Today


Score Distribution

Your Account Isn't Verified!

In order to create a playlist on Sporcle, you need to verify the email address you used during registration. Go to your Sporcle Settings to finish the process.

Report this User

Report this user for behavior that violates our Community Guidelines.

Details: